Icebreaker (Record no. 240682)

MARC details
000 -LEADER
fixed length control field 01472nam a22002177a 4500
005 - DATE AND TIME OF LATEST TRANSACTION
control field 20251107140949.0
008 - FIXED-LENGTH DATA ELEMENTS--GENERAL INFORMATION
fixed length control field 251107b |||||||| |||| 00| 0 eng d
020 ## - INTERNATIONAL STANDARD BOOK NUMBER
International Standard Book Number 9781398525689
040 ## - CATALOGING SOURCE
Transcribing agency AL
041 ## - LANGUAGE CODE
Language code of text/sound track or separate title eng
082 ## - DEWEY DECIMAL CLASSIFICATION NUMBER
Classification number 823.904
Item number GRAI
100 ## - MAIN ENTRY--PERSONAL NAME
Personal name Hannah Grace
100 ## - MAIN ENTRY--PERSONAL NAME
9 (RLIN) 244691
245 ## - TITLE STATEMENT
Title Icebreaker
260 ## - PUBLICATION, DISTRIBUTION, ETC.
Place of publication, distribution, etc. London
Name of publisher, distributor, etc. Simon and Schuster
Date of publication, distribution, etc. 2022
300 ## - PHYSICAL DESCRIPTION
Extent 432p
Other physical details PB
Dimensions 20x13cm
365 ## - TRADE PRICE
Source of price type code English
Price type code 4241
Price amount ₹399.20
Currency code
Unit of pricing 499.00
Price note 20%
Price effective from 25-10-2025
520 ## - SUMMARY, ETC.
Summary, etc. A TikTok sensation! Sparks fly when a competitive figure skater and hockey team captain are forced to share a rink. Anastasia Allen has worked her entire life for a shot at Team USA. It looks like everything is going according to plan when she gets a full scholarship to the University of California, Maple Hills and lands a place on their competitive figure skating team. Nothing will stand in her way, not even the captain of the hockey team, Nate Hawkins. Nate’s focus as team captain is on keeping his team on the ice. Which is tricky when a facilities mishap means they are forced to share a rink with the figure skating team―including Anastasia, who clearly can’t stand him. But when Anastasia’s skating partner faces an uncertain future, she may have to look to Nate to take her shot. Sparks fly, but Anastasia isn’t worried… because she could never like a hockey player, right?
650 ## - SUBJECT ADDED ENTRY--TOPICAL TERM
Topical term or geographic name entry element English Fiction
9 (RLIN) 244492
650 ## - SUBJECT ADDED ENTRY--TOPICAL TERM
Topical term or geographic name entry element English Novel
9 (RLIN) 244493
942 ## - ADDED ENTRY ELEMENTS (KOHA)
Source of classification or shelving scheme Dewey Decimal Classification
Koha item type Book
Holdings
Withdrawn status Lost status Source of classification or shelving scheme Damaged status Not for loan Collection code Home library Current library Shelving location Date acquired Source of acquisition Cost, normal purchase price Total Checkouts Full call number Barcode Date last seen Date last checked out Cost, replacement price Price effective from Koha item type
    Dewey Decimal Classification     English St Aloysius Library St Aloysius Library Stack Section 10/30/2025 Biblios Book Point, Surathkal, Mangalore-575014 399.20 2 823.904 GRAI 077988 02/26/2026 02/19/2026 499.00 11/07/2025 Book